000
00263nam a2200109Ia 4500
008
240625s9999 xx 000 0 und d
041
_a
eng
082
_a
658.15 GIT
100
_a
GITMAN LAWRENCE J
245
_a
PERSONAL FINANCIAL PLANNING SOFTWARE
260
_c
2002
999
_c
34763
_d
34763